Guess all Letter-shaped Flags - Statistics

General Stats
  • This quiz has been taken 40 times
  • The average score is 155 of 196
Answer Stats
Picture Answer % Correct
India
100%
United States
100%
France
97%
Afghanistan
91%
Denmark
91%
Finland
91%
Germany
91%
Netherlands
91%
New Zealand
91%
Pakistan
91%
Senegal
91%
South Korea
91%
Yemen
91%
Brazil
88%
Canada
88%
Estonia
88%
Eswatini
88%
Federated States of Micronesia
88%
Iceland
88%
Israel
88%
Kazakhstan
88%
Malawi
88%
Marshall Islands
88%
Mexico
88%
Norway
88%
Panama
88%
Romania
88%
Saudi Arabia
88%
Spain
88%
Turkey
88%
Turkmenistan
88%
Ukraine
88%
Vatican City
88%
Albania
85%
Angola
85%
Argentina
85%
Australia
85%
Bahrain
85%
Colombia
85%
Croatia
85%
Ghana
85%
Guyana
85%
Hungary
85%
Iran
85%
Jamaica
85%
Kenya
85%
Lithuania
85%
Malta
85%
North Korea
85%
North Macedonia
85%
Peru
85%
Poland
85%
Portugal
85%
Singapore
85%
Slovenia
85%
South Africa
85%
Sri Lanka
85%
Taiwan
85%
Tunisia
85%
Uganda
85%
Uzbekistan
85%
Zimbabwe
85%
Andorra
82%
Antigua and Barbuda
82%
Austria
82%
Bangladesh
82%
Belarus
82%
Bhutan
82%
Burundi
82%
Chile
82%
China
82%
Dominica
82%
El Salvador
82%
Ethiopia
82%
Fiji
82%
Georgia
82%
Greece
82%
Guatemala
82%
Honduras
82%
Indonesia
82%
Ireland
82%
Kosovo
82%
Kyrgyzstan
82%
Latvia
82%
Lebanon
82%
Libya
82%
Luxembourg
82%
Maldives
82%
Niger
82%
Republic of the Congo
82%
Slovakia
82%
South Sudan
82%
Syria
82%
Tuvalu
82%
United Kingdom
82%
Algeria
79%
Burkina Faso
79%
Cameroon
79%
Cape Verde
79%
Central African Republic
79%
Comoros
79%
Costa Rica
79%
Cuba
79%
Czech Republic
79%
Democratic Republic of the Congo
79%
Djibouti
79%
Dominican Republic
79%
Ecuador
79%
Eritrea
79%
Guinea-Bissau
79%
Ivory Coast
79%
Japan
79%
Jordan
79%
Kuwait
79%
Mali
79%
Morocco
79%
Myanmar
79%
Nicaragua
79%
Nigeria
79%
Oman
79%
Palau
79%
Qatar
79%
Samoa
79%
San Marino
79%
Sao Tome and Principe
79%
Seychelles
79%
Sierra Leone
79%
Suriname
79%
Switzerland
79%
Tanzania
79%
United Arab Emirates
79%
Uruguay
79%
Vietnam
79%
Bahamas
76%
Barbados
76%
Benin
76%
Brunei
76%
Gambia
76%
Haiti
76%
Kiribati
76%
Liberia
76%
Mauritius
76%
Mongolia
76%
Montenegro
76%
Namibia
76%
Nauru
76%
Rwanda
76%
Saint Kitts and Nevis
76%
Solomon Islands
76%
Sudan
76%
Sweden
76%
Tajikistan
76%
Vanuatu
76%
Zambia
76%
Botswana
73%
Grenada
73%
Guinea
73%
Laos
73%
Liechtenstein
73%
Madagascar
73%
Mauritania
73%
Moldova
73%
Philippines
73%
Somalia
73%
Thailand
73%
Tonga
73%
Trinidad and Tobago
73%
Belize
70%
East Timor
70%
Equatorial Guinea
70%
Iraq
70%
Mozambique
70%
Belgium
67%
Bolivia
67%
Bosnia and Herzegovina
67%
Cyprus
67%
Egypt
67%
Lesotho
67%
Paraguay
67%
Saint Vincent
67%
Armenia
64%
Azerbaijan
64%
Bulgaria
64%
Chad
64%
Gabon
64%
Malaysia
64%
Monaco
64%
Nepal
64%
Papua New Guinea
64%
Russia
64%
Saint Lucia
64%
Serbia
64%
Togo
64%
Venezuela
64%
Cambodia
61%
Italy
61%
No matching quizzes found
Score Distribution
Percent of People with Each Score
Percentile by Number Answered
Your Score History
You have not taken this quiz